| 000 | 01211nam a22002417a 4500 | ||
|---|---|---|---|
| 005 | 20130607124502.0 | ||
| 008 | 090728t xxu||||| |||| 00| 0 pun d | ||
| 010 | _aPUN-7432 B-494039-043 | ||
| 020 |
_c250.00 _a9788178563022 |
||
| 035 | _aPN-6550 B-494039-043 | ||
| 037 | _bDBAD / PUB/Waris Shah Foundations | ||
| 037 | _bBPPD/KKP | ||
| 040 |
_adpl _bPN |
||
| 082 | _a851.08 | ||
| 245 |
_aਭੁੱਲੇ ਵਿਸਰੇ ਸੂਫ਼ੀਆੰ ਦਾ ਕਲਾਮ : _cਬਿਕਰਮ ਸਿੰਘ ਘੁੰਮਣ ਦ੍ਵਾਰਾ ਸੰਪਾਦਿਤ _bਸਿਧਾਂਤ,ਇਤਿਹਾਸ ਤੇ ਪ੍ਰਵਿਰਤੀਆਂ / |
||
| 246 |
_aBhule visre Sufian da kalam _bed by Bikram Singh Ghumman |
||
| 260 |
_aAmritsar _bWaris Shah Foundations _c2012 |
||
| 270 |
_b42, Guru Teg Bahadur Nagar, _aAmritsar (Pb) _k0183-2450520 _e143 002 |
||
| 300 |
_a176ਪਂ; _b21ਸੇਂਮੀ(ਸਜਿਲਦ) |
||
| 700 |
_952947 _aਰਹਮਜਗਦੀਸ਼ ਸਿੰਘ |
||
| 942 |
_2ddc _cPN _h851.08 _mਭੁੱਲੇਵਿ |
||
| 999 |
_c70993 _d70993 |
||